Karnataka shabdanushasana prakashike (Record no. 140861)
[ view plain ]
| 000 -LEADER | |
|---|---|
| fixed length control field | 02441nam a2200229Ia 4500 |
| 003 - CONTROL NUMBER IDENTIFIER | |
| control field | OSt |
| 005 - DATE AND TIME OF LATEST TRANSACTION | |
| control field | 20251118145941.0 |
| 008 - FIXED-LENGTH DATA ELEMENTS--GENERAL INFORMATION | |
| fixed length control field | 210210b1941 xxu||||| |||| 00| 0 eng d |
| 040 ## - CATALOGING SOURCE | |
| Transcribing agency | AL |
| 041 ## - LANGUAGE CODE | |
| Language code of text/sound track or separate title | Kannada |
| 082 ## - DEWEY DECIMAL CLASSIFICATION NUMBER | |
| Classification number | 455/14 |
| 100 ## - MAIN ENTRY--PERSONAL NAME | |
| Personal name | BASAVANALA (Shi Shi) |
| Dates associated with a name | ಶಿ.ಶಿ. ಬಸವನಾಳ |
| 9 (RLIN) | 246247 |
| 245 ## - TITLE STATEMENT | |
| Title | Karnataka shabdanushasana prakashike |
| Remainder of title | ಕರ್ಣಾಟಕ ಶಬ್ದಾನುಶಾಸನ ಪ್ರಕಾಶಿಕೆ |
| 260 ## - PUBLICATION, DISTRIBUTION, ETC. | |
| Place of publication, distribution, etc. | Dharavada |
| Name of publisher, distributor, etc. | Karnataka vidyavardhaka sangha |
| Date of publication, distribution, etc. | 1941 |
| 520 ## - SUMMARY, ETC. | |
| Summary, etc. | ಭಟ್ಟಾ ಕಳಂಕ ದೇವ ವಿರಚಿತ ಸಂಸ್ಕೃತ ಮೂಲದ ಕರ್ಣಾಟಕ ಶಬ್ದಾನುಶಾಸನದ ವಿಸ್ತಾರವಾದ ಕನ್ನಡ ಅನುವಾದದ ಕೃತಿಯನ್ನು ಕುಂಡಲಿ ಗಿರಿಯಾಚಾರ್ ರು ರಚಿಸಿದ್ದು, ಅದನ್ನು ಶಿ.ಶಿ. ಬಸವನಾಳರು ಸಂಪಾದಿಸಿದ್ದಾರೆ. ಆ ಕೃತಿಯೇ-ಕರ್ಣಾಟಕ ಶಬ್ದಾನುಶಾಸನ ಪ್ರಕಾಶಿಕೆ. ಹಳಗನ್ನಡ ವ್ಯಾಕರಣ ಕುರಿತು ಬರೆದ ಮೊದಲ ಗ್ರಂಥವಾಗಿ ನಾಗವರ್ಮನ ಶಬ್ದಸ್ಮೃತಿ ಗ್ರಂಥ. ಎರಡನೇಯದ್ದು, ಕರ್ಣಾಟಕ ಭಾಷಾ ಭೂಷಣ ಎಂಬುದು. ಮೂರನೇ ಕೃತಿ ಎಂದರೆ ಕೇಶಿರಾಜ ಬರೆದ ಶಬ್ದಮಣಿ ದರ್ಪಣ ಹಾಗೂ ನಾಲ್ಕನೆಯದ್ದೇ-ಕರ್ಣಾಟಕ ಶಬ್ದಾನುಶಾಸನ ಪ್ರಕಾಶಿಕೆ. ಇದನ್ನು ಮೊದಲು ಭಟ್ಟಾ ಕಳಂಕದೇವ ಎಂಬಾತ ಸಂಸ್ಕೃತದಲ್ಲಿ ರಚಿಸಿದ್ದ. ಪ್ರಯೋಗ-ಪ್ರಾಮಣ್ಯದಲ್ಲಿ ಶಬ್ದಮಣಿ ದರ್ಪಣವನ್ನು ಸರಿಗಟ್ಟದಿದ್ದರೂ ಶಾಸ್ತ್ರೀಯ ವಿವೇಚನೆಯಲ್ಲಿ ಪ್ರೌಢವೂ, ವಿಶ್ವಾಸಾರ್ಹವೂ ಆಗಿದೆ ಎಂದು ಮುನ್ನುಡಿಯಲ್ಲಿ ಕೃತಿಯ ಸಂಪಾದಕ ಶಿ.ಶಿ. ಬಸವನಾಳರು ಅಭಿಪ್ರಾಯಪಟ್ಟಿದ್ದಾರೆ. |
| 650 ## - SUBJECT ADDED ENTRY--TOPICAL TERM | |
| Topical term or geographic name entry element | shabdanushasana |
| 9 (RLIN) | 246248 |
| 650 ## - SUBJECT ADDED ENTRY--TOPICAL TERM | |
| Topical term or geographic name entry element | prakashike |
| 9 (RLIN) | 246249 |
| 650 ## - SUBJECT ADDED ENTRY--TOPICAL TERM | |
| Topical term or geographic name entry element | Karnataka |
| 9 (RLIN) | 246250 |
| 690 ## - LOCAL SUBJECT ADDED ENTRY--TOPICAL TERM (OCLC, RLIN) | |
| Topical term or geographic name as entry element | Kannada Grammar |
| 9 (RLIN) | 246251 |
| 906 ## - LOCAL DATA ELEMENT F, LDF (RLIN) | |
| a | 006780 |
| 942 ## - ADDED ENTRY ELEMENTS (KOHA) | |
| Source of classification or shelving scheme | Dewey Decimal Classification |
| Koha item type | Book |
| Withdrawn status | Lost status | Source of classification or shelving scheme | Damaged status | Not for loan | Collection code | Home library | Current library | Shelving location | Date acquired | Cost, normal purchase price | Total Checkouts | Full call number | Barcode | Date last seen | Price effective from | Koha item type |
|---|---|---|---|---|---|---|---|---|---|---|---|---|---|---|---|---|
| Dewey Decimal Classification | Kannada | St Aloysius Library | St Aloysius Library | 02/17/2021 | 0.00 | 455/14 | 006780 | 02/17/2021 | 02/17/2021 | Book |